| 000 | 00882nam a22002897a 4500 | ||
|---|---|---|---|
| 999 |
_c1839 _d1839 |
||
| 003 | AR-CdUCM | ||
| 008 | 190228b ||||| |||| 00| 0 spa d | ||
| 020 | _a8482801759 | ||
| 040 |
_aMUNICIPALIDAD PROVINCIAL DEL CUSCO _cBIBLIOTECA MUNICIPAL DEL CUSCO |
||
| 041 | _heng | ||
| 082 |
_a821 / _bSH47 |
||
| 100 |
_aShakespeare, William _91013 |
||
| 245 | _aPoesía inglesa de los siglos XVI y XVII / | ||
| 260 |
_aBogotá : _bLa oveja Negra, _c1998. |
||
| 300 |
_a150 páginas ; _c19 cm. |
||
| 440 |
_aHistoria universal de la literatura, _n75 _96737 |
||
| 650 |
_aPoesía _9139 |
||
| 650 |
_aLiteratura inglesa _91015 |
||
| 650 |
_aCreación literaria _96738 |
||
| 700 |
_a Milton, John _96739 |
||
| 700 |
_aDonne, Jhon _96740 |
||
| 700 |
_aDumbar, William _96741 |
||
| 700 |
_aSkelton, Jhon _96742 |
||
| 700 |
_aSpencer, Edmund _96743 |
||
| 942 |
_2ddc _cLIBROS |
||
| 945 | _azta | ||